| 000 | 00502nam a2200169Ia 4500 | ||
|---|---|---|---|
| 999 |
_c15680 _d15680 |
||
| 082 | _aTS.0846 | ||
| 100 | _aShetty, Lata Prakash | ||
| 245 | 0 | _aIndustry's approach to alcoholism and alcohol related problems | |
| 260 |
_c1993 _bTata Institute of Social Sciences |
||
| 300 | _a388p. | ||
| 650 | _aTata Institute of Social Sciences | ||
| 650 | _aALCOHOLISM AND EMPLOYMENT | ||
| 650 | _aALCOHOLISM AND EMPLOYMENT | ||
| 650 | _aWELFARE WORK IN INDUSTRY | ||
| 710 | _aMane, Purnima | ||
| 942 |
_cTH _2ddc |
||